Occupations by Emoji - Statistics

General Stats
  • This quiz has been taken 459 times
  • The average score is 10 of 18
Answer Stats
Emoji Occupation % Correct
๐Ÿ‘จโ€โš•๏ธ Health Worker
95%
๐Ÿ‘จโ€๐Ÿณ Cook
92%
๐Ÿ‘จโ€๐ŸŒพ Farmer
86%
๐Ÿ‘จโ€โš–๏ธ Judge
77%
๐Ÿ‘จโ€๐Ÿš€ Astronaut
63%
๐Ÿ‘จโ€๐Ÿš’ Firefighter
63%
๐Ÿ‘จโ€๐Ÿ”ง Mechanic
63%
๐Ÿ‘จโ€๐ŸŽจ Artist
62%
๐Ÿ‘จโ€๐Ÿ”ฌ Scientist
61%
๐Ÿ•ต Detective
52%
๐Ÿ‘จโ€โœˆ๏ธ Pilot
46%
๐Ÿ‘จโ€๐ŸŽค Singer
42%
๐Ÿ’‚ Guard
39%
๐Ÿ‘ท Construction Worker
37%
๐Ÿ‘ฎ Police Officer
37%
๐Ÿ‘จโ€๐Ÿ’ป Technologist
15%
๐Ÿ‘จโ€๐Ÿ’ผ Office Worker
14%
๐Ÿ‘จโ€๐Ÿญ Factory Worker
6%
No matching quizzes found
Score Distribution
Percent of People with Each Score
Percentile by Number Answered
Your Score History
You have not taken this quiz